| 000 | 00731cam a22002653a 4500 | ||
|---|---|---|---|
| 001 | 29446 | ||
| 003 | PGUSA | ||
| 005 | 20140828083634.0 | ||
| 008 | 090718s2009||||xxu|||||s|||||000 1 eng d | ||
| 040 |
_aPGUSA _beng |
||
| 042 | _adc | ||
| 050 | 4 | _aPS | |
| 100 | 1 |
_aSheckley, Robert, _d1928-2005 |
|
| 245 | 1 | 0 |
_aBeside Still Waters _h[electronic resource] / _cRobert Sheckley |
| 260 |
_bProject Gutenberg, _c2009 |
||
| 506 | _aPublic domain in the USA. | ||
| 516 | _aElectronic text | ||
| 653 | _aShort stories | ||
| 653 | _aScience fiction | ||
| 653 | _aRobots -- Fiction | ||
| 700 | 1 |
_aFinlay, Virgil, _d1914-1971 |
|
| 830 | 0 |
_aProject Gutenberg _v29446 |
|
| 856 | 4 | 0 | _uhttp://www.gutenberg.org/ebooks/29446 |
| 942 | _cEB | ||
| 999 |
_c258701 _d258701 |
||